El pasado de una ilusión: ensayo sobre la idea comunista en el siglo XX

Saved in:
Bibliografiske detaljer
Hovedforfatter: Furet, Francois (Author)
Format: Bog
Sprog:spansk
Udgivet: Ciudad de México Fondo de Cultura Económica 1995
Serier:Sección de Obras de Política y Derecho
Fag:
Tags: Tilføj Tag
Ingen Tags, Vær først til at tagge denne postø!

MARC

LEADER 00000nam a2200000 a 4500
001 UCT4132
003 CL-VaPUC
008 961108e19950000MX |||||||||||||||||spa|d
082 0 4 |a 335.43  |b FUR  |2 21 
100 0 |a Furet, Francois  |e author  |9 373282 
245 1 3 |a El pasado de una ilusión: ensayo sobre la idea comunista en el siglo XX 
300 |a 583 p 
942 |c BK 
945 |d 19961108 00:00:00  |a rleighto 
260 |a Ciudad de México  |b Fondo de Cultura Económica  |c 1995 
650 0 |a Comunismo  |9 255588 
650 0 |a Primera Guerra Mundial   |9 373283 
650 0 |a Socialismo  |9 255260 
650 0 |a Fascismo  |9 255687 
650 0 |a Segunda Guerra Mundial  |9 325982 
650 0 |a Guerra Fría   |9 319648 
583 |a last modification  |c 19961108 00:00:00  |k Rodrigo Vera 
490 0 |a Sección de Obras de Política y Derecho 
999 |c 253557  |d 253555 
952 |0 0  |1 0  |4 0  |6 335_430000000000000_FUR_1995  |7 0  |8 A  |9 274468  |a BIBHIS  |b BIBHIS  |d 2019-11-19  |i 3249468  |o 335.43 FUR 1995  |p 3249468  |r 2025-01-20  |w 2019-11-19  |y BK  |k HIS